[Event "GEO-ch (Women) 81st"]
[Site "Tbilisi"]
[Date "2024.02.15"]
[Round "6"]
[White "Mgeladze, Kesaria"]
[Black "Kirtadze, Anastasia"]
[Result "1-0"]
[WhiteElo "2040"]
[BlackElo "2089"]
[PlyCount "49"]
[EventDate "2024.02.09"]
[EventType "tourn"]
[EventRounds "9"]
[EventCountry "GEO"]
[SourceTitle "CB08_2024"]
[SourceDate "2024.02.21"]
[SourceVersion "1"]
[SourceVersionDate "2024.02.21"]
[SourceQuality "1"]

1. e4 c5 2. Nf3 e6 3. c3 d5 4. exd5 Qxd5 5. d4 Nf6 6. Na3 a6 7. Nc4 Nbd7 8. Be2 b5 9. Ne3 Qc6 10. a4 Bb7 11. axb5 axb5 12. Rxa8+ Bxa8 13. Qb3 c4 14. Qa2 Nd5 15. Nxd5 Qxd5 16. Nh4 e5 17. 0-0 e4 18. Nf5 g6 19. Ne3 Qb7 20. b3 f5 21. bxc4 Be7 22. Nd5 Bd8 23. Bh6 Nf6 24. Ra1 Nxd5 25. cxd5 1-0

[Event "GEO-ch (Women) 81st"]
[Site "Tbilisi"]
[Date "2024.02.13"]
[Round "5"]
[White "Kirtadze, Anastasia"]
[Black "Arabidze, Meri"]
[Result "0-1"]
[WhiteElo "2089"]
[BlackElo "2461"]
[PlyCount "140"]
[EventDate "2024.02.09"]
[EventType "tourn"]
[EventRounds "9"]
[EventCountry "GEO"]
[SourceTitle "CB08_2024"]
[SourceDate "2024.02.21"]
[SourceVersion "1"]
[SourceVersionDate "2024.02.21"]
[SourceQuality "1"]

1. e4 e5 2. Nf3 Nc6 3. Bb5 a6 4. Ba4 Nf6 5. 0-0 d6 6. Bxc6+ bxc6 7. Re1 Bg4 8. h3 Bxf3 9. Qxf3 Nd7 10. d3 g6 11. Nc3 Bg7 12. Ne2 0-0 13. g4 Nc5 14. Be3 Ne6 15. Rab1 Qd7 16. Kh1 c5 17. b3 Qe7 18. Qg2 Rae8 19. f4 exf4 20. Nxf4 Nd4 21. Nd5 Qd8 22. g5 Re6 23. Rf1 c6 24. Nf4 Re5 25. h4 f6 26. Bxd4 cxd4 27. Nh3 Qe7 28. Rf2 d5 29. exd5 Rxd5 30. Re2 Re5 31. Rbe1 Rxe2 32. Rxe2 Qd6 33. Qg4 Kh8 34. Kg2 fxg5 35. hxg5 Be5 36. Rf2 Qd5+ 37. Kg1 Rf5 38. Qe4 Qe6 39. Kg2 Kg7 40. Re2 Qd6 41. Rf2 Qe6 42. Re2 Kf7 43. Qh4 Qd5+ 44. Re4 Kg8 45. Qg4 Kg7 46. Kg1 Qc5 47. Qe2 Kf7 48. Rh4 Kg8 49. Re4 Kg7 50. Kg2 a5 51. a4 Kf8 52. Kg1 Qd5 53. Qg4 Kg8 54. Qe2 Kf7 55. Qg4 Ke7 56. Qh4 Qf7 57. Qe1 Kd6 58. Kg2 Qd5 59. Kg1 Kc7 60. Kg2 Kb7 61. Qh4 Rf7 62. Qg4 Rf5 63. Kg1 Kb6 64. Qe2 Bc7 65. Qg2 Qd6 66. Re2 Qa3 67. Qe4 Qc1+ 68. Re1 Qxc2 69. Qxd4+ c5 70. Re6+ Ka7 0-1

[Event "GEO-ch (Women) 81st"]
[Site "Tbilisi"]
[Date "2024.02.11"]
[Round "3"]
[White "Kirtadze, Anastasia"]
[Black "Lomaia, Diana"]
[Result "1-0"]
[WhiteElo "2089"]
[BlackElo "2001"]
[PlyCount "113"]
[EventDate "2024.02.09"]
[EventType "tourn"]
[EventRounds "9"]
[EventCountry "GEO"]
[SourceTitle "CB08_2024"]
[SourceDate "2024.02.21"]
[SourceVersion "1"]
[SourceVersionDate "2024.02.21"]
[SourceQuality "1"]

1. e4 c5 2. Nf3 e6 3. d4 cxd4 4. Nxd4 Nc6 5. Nc3 Qc7 6. Be3 a6 7. Qd2 Nf6 8. f3 Be7 9. g4 b5 10. 0-0-0 0-0 11. h4 Ne5 12. Qh2 Bd6 13. Qg2 Bb4 14. Nb1 Nc4 15. Bxc4 bxc4 16. c3 Bd6 17. h5 Bf4 18. Qd2 Bxe3 19. Qxe3 Rb8 20. g5 Ne8 21. Rdg1 Qb6 22. Rg2 Qc7 23. g6 fxg6 24. hxg6 hxg6 25. e5 d6 26. Qg5 Qf7 27. Nc6 Rb7 28. Nd8 Qf4+ 29. Qxf4 Rxf4 30. Nxb7 Bxb7 31. Rxg6 Kf7 32. exd6 Nxd6 33. Rhg1 Nf5 34. R6g4 Rxf3 35. Rxc4 Kf6 36. Nd2 Re3 37. Rcg4 Bd5 38. c4 Bc6 39. c5 Re5 40. b4 Re2 41. a3 Ba4 42. Re4 Ne3 43. Rd4 g5 44. Rd6 Nf5 45. Rxa6 Bb5 46. Ra7 Nd4 47. a4 Bd3 48. Rg3 Bf5 49. Rd7 Nc6 50. b5 Ne5 51. Rd6 Ke7 52. b6 Re1+ 53. Kb2 Nd7 54. Rxd7+ Kxd7 55. b7 Kc7 56. Rb3 Kb8 57. c6 1-0

[Event "Prague op 22nd"]
[Site "Prague"]
[Date "2024.01.08"]
[Round "5"]
[White "Garsky, Vladyslav"]
[Black "Kirtadze, Anastasia"]
[Result "0-1"]
[WhiteElo "2186"]
[BlackElo "1981"]
[PlyCount "116"]
[EventDate "2024.01.05"]
[EventType "swiss"]
[EventRounds "9"]
[EventCountry "CZE"]
[SourceTitle "CB03_2024"]
[SourceDate "2024.01.17"]
[SourceVersion "1"]
[SourceVersionDate "2024.01.17"]
[SourceQuality "1"]

1. e4 c5 2. Nf3 e6 3. d4 cxd4 4. Nxd4 Nc6 5. Bf4 d6 6. Nxc6 bxc6 7. Bd3 Nf6 8. 0-0 Be7 9. c4 e5 10. Be3 0-0 11. Nc3 Be6 12. Qe2 Qc7 13. Rfd1 Rad8 14. Rac1 Qb7 15. b3 h6 16. h3 Nd7 17. Qf3 Nc5 18. Bf1 Bg5 19. g3 f5 20. Bxg5 hxg5 21. exf5 Bxf5 22. Qe3 g4 23. h4 Ne6 24. Bg2 Qc7 25. b4 Nd4 26. b5 c5 27. Bd5+ Kh8 28. Ne4 Bxe4 29. Bxe4 Rf6 30. Rd2 Rdf8 31. Qg5 Qd7 32. Rc3 Qf7 33. Bd5 Qd7 34. a4 Nf3+ 35. Bxf3 gxf3 36. Kh2 Qe6 37. a5 Rg6 38. Qe3 Qg4 39. Qe1 Rf4 40. Qh1 Qh5 41. Kg1 Qf5 42. Rdd3 e4 43. Rd5 Qf6 44. Rc1 Qb2 45. Rf1 e3 46. Rg5 e2 47. Re1 Qc3 48. Kh2 Rh6 49. Kh3 Rd4 50. Rf5 Qxe1 51. Qxe1 Rd1 52. Rf8+ Kh7 53. Qc3 e1Q 54. Qc2+ Rg6 55. Rh8+ Kxh8 56. Qxg6 Qf1+ 57. Kg4 Qxc4+ 58. Kxf3 Qd3+ 0-1

[Event "GEO-ch Blitz (Women)"]
[Site "Tbilisi"]
[Date "2023.12.07"]
[Round "13"]
[White "Khukhashvili, Sopiko"]
[Black "Kirtadze, Anastasia"]
[Result "1-0"]
[WhiteElo "2314"]
[BlackElo "1981"]
[PlyCount "171"]
[EventDate "2023.12.05"]
[EventType "swiss (blitz)"]
[EventRounds "13"]
[EventCountry "GEO"]
[SourceTitle "CB50_2023"]
[SourceDate "2023.12.13"]
[SourceVersion "1"]
[SourceVersionDate "2023.12.13"]
[SourceQuality "1"]

1. e4 c5 2. Nf3 e6 3. d4 cxd4 4. Nxd4 Nf6 5. Nc3 Nc6 6. Be2 a6 7. 0-0 Be7 8. a4 0-0 9. Kh1 Qc7 10. f4 d6 11. Be3 Bd7 12. Nb3 b6 13. Bf3 Rab8 14. g4 Rfd8 15. g5 Ne8 16. Bg2 b5 17. a5 b4 18. Bb6 Rxb6 19. axb6 Qxb6 20. Na4 Qc7 21. Qe2 a5 22. Qf2 Rb8 23. h4 g6 24. Nd2 Ng7 25. b3 e5 26. Nc4 exf4 27. Nab6 Be6 28. Nd5 Bxd5 29. exd5 Ne5 30. Qxf4 Nh5 31. Qf2 Bf8 32. Nxa5 Qc3 33. Rfe1 Bg7 34. Rad1 Rc8 35. Nc6 Nxc6 36. dxc6 Be5 37. Qf3 Qc5 38. Qe3 Qxc2 39. Rd2 Qf5 40. Qf3 Qe6 41. Bh3 Ng3+ 42. Qxg3 Bxg3 43. Rxe6 Rxc6 44. Re8+ Kg7 45. Kg2 Be5 46. Rb8 Bc3 47. Re2 h6 48. Ree8 hxg5 49. hxg5 Rc5 50. Rg8+ Kh7 51. Rgf8 Rxg5+ 52. Kf3 Kg7 53. Rfd8 Rd5 54. Rb7 Rd3+ 55. Kg2 Rd2+ 56. Kf1 Rd3 57. Be6 Rf3+ 58. Ke2 Rf6 59. Bc4 g5 60. Rdd7 Rh6 61. Rxf7+ Kg6 62. Bd3+ Kh5 63. Rh7 g4 64. Rxh6+ Kxh6 65. Rh7+ Kg5 66. Rd7 Be5 67. Rb7 Bc3 68. Rf7 Bd4 69. Be4 Bc5 70. Kd3 Kh4 71. Rg7 Kg3 72. Bf5 Kf4 73. Bxg4 Ke5 74. Bf3 Kf4 75. Bh1 Ke5 76. Kc4 Kf4 77. Rc7 Ke5 78. Bd5 Bb6 79. Re7+ Kf6 80. Re6+ Kf5 81. Rxd6 Bc7 82. Rc6 Bf4 83. Kxb4 Bd2+ 84. Kc4 Bf4 85. b4 Be5 86. b5 1-0

[Event "GEO-ch Blitz (Women)"]
[Site "Tbilisi"]
[Date "2023.12.07"]
[Round "8"]
[White "Kirtadze, Anastasia"]
[Black "Nikoladze, Sopio"]
[Result "1/2-1/2"]
[WhiteElo "1981"]
[BlackElo "2061"]
[PlyCount "130"]
[EventDate "2023.12.05"]
[EventType "swiss (blitz)"]
[EventRounds "13"]
[EventCountry "GEO"]
[SourceTitle "CB50_2023"]
[SourceDate "2023.12.13"]
[SourceVersion "1"]
[SourceVersionDate "2023.12.13"]
[SourceQuality "1"]

1. e4 b6 2. d4 Bb7 3. Nc3 e6 4. Bd3 Bb4 5. Nge2 d5 6. exd5 Qxd5 7. Nf4 Qd7 8. 0-0 Nf6 9. Be3 0-0 10. Nh5 Nxh5 11. Qxh5 g6 12. Qh3 e5 13. dxe5 Qxh3 14. gxh3 Bf3 15. Be4 Bxe4 16. Nxe4 Nd7 17. f4 Rae8 18. c3 Be7 19. Rad1 Rd8 20. Rd2 Rfe8 21. Rfd1 Nf8 22. Kf2 Ne6 23. Ng3 Ng7 24. Kf3 f6 25. exf6 Bxf6 26. Rxd8 Rxd8 27. Rxd8+ Bxd8 28. Bd4 Ne6 29. Be5 Kf7 30. Ne4 h6 31. b3 Be7 32. Nd2 Bd8 33. Nc4 Ng7 34. Ne3 Ne6 35. Nd5 c6 36. Ne3 Nc5 37. Nc4 Nd3 38. Ke3 Nc1 39. Kd2 Nxa2 40. Kc2 b5 41. Nd6+ Ke6 42. Nb7 Be7 43. Kb2 Nxc3 44. Kxc3 Kd5 45. b4 Ke4 46. Na5 Kd5 47. Nb3 a6 48. Nd2 c5 49. bxc5 Bxc5 50. Nf3 a5 51. Nd2 Bb4+ 52. Kd3 a4 53. Nf3 Be7 54. h4 b4 55. h5 gxh5 56. Bg7 a3 57. Kc2 Ke4 58. Nd2+ Kxf4 59. Bxh6+ Kg4 60. Bg7 Kh3 61. Be5 Bc5 62. Ne4 Bg1 63. Ng5+ Kg4 64. Nf7 Kh3 65. Ng5+ Kg4 1/2-1/2

[Event "GEO-ch Blitz (Women)"]
[Site "Tbilisi"]
[Date "2023.12.06"]
[Round "1"]
[White "Kirtadze, Anastasia"]
[Black "Gunia, Nino"]
[Result "1-0"]
[WhiteElo "1981"]
[BlackElo "1447"]
[PlyCount "90"]
[EventDate "2023.12.05"]
[EventType "swiss (blitz)"]
[EventRounds "13"]
[EventCountry "GEO"]
[SourceTitle "CB50_2023"]
[SourceDate "2023.12.13"]
[SourceVersion "1"]
[SourceVersionDate "2023.12.13"]
[SourceQuality "1"]

1. e4 c5 2. Nf3 Nc6 3. Bb5 g6 4. Bxc6 bxc6 5. 0-0 Bg7 6. Re1 Nf6 7. c3 0-0 8. d4 cxd4 9. cxd4 d5 10. e5 Ne4 11. Nc3 Nxc3 12. bxc3 Qc7 13. Ba3 Rd8 14. h3 Bf8 15. Qd2 Ba6 16. h4 h5 17. e6 f6 18. Nh2 Kh7 19. g4 Bh6 20. g5 fxg5 21. hxg5 Bg7 22. Nf3 Rf8 23. Ne5 Rf5 24. Nf7 Rf8 25. Re3 Qf4 26. Rae1 Re8 27. Qc1 Bc8 28. Rg3 Qxc1 29. Rxc1 Bxe6 30. Ne5 Bxe5 31. dxe5 Rxe5 32. Bc5 a6 33. a4 Bf5 34. a5 Re2 35. c4 Rb8 36. cxd5 cxd5 37. Bd4 e5 38. Rc7+ Kg8 39. Bb6 d4 40. Rb3 d3 41. Kf1 Ra2 42. Rc6 d2 43. Rd6 Ra1+ 44. Ke2 Bg4+ 45. f3 Bxf3+ 1-0

[Event "Wch U14 Girls"]
[Site "Montesilvano"]
[Date "2023.11.20"]
[Round "7"]
[White "Kirtadze, Anastasia"]
[Black "Shukhman, Anna"]
[Result "1-0"]
[WhiteElo "1921"]
[BlackElo "2263"]
[PlyCount "95"]
[EventDate "2023.11.13"]
[EventType "swiss"]
[EventRounds "11"]
[EventCountry "ITA"]
[SourceTitle "CB48_2023"]
[SourceDate "2023.11.29"]
[SourceVersion "1"]
[SourceVersionDate "2023.11.29"]
[SourceQuality "1"]

1. e4 c5 2. Nf3 d6 3. d4 cxd4 4. Nxd4 Nf6 5. Nc3 g6 6. Be3 Bg7 7. f3 Nc6 8. Qd2 0-0 9. 0-0-0 d5 10. exd5 Nxd5 11. Nxc6 bxc6 12. Bd4 Bxd4 13. Qxd4 Qb6 14. Na4 Qc7 15. Bc4 Rb8 16. a3 Rd8 17. g4 Be6 18. Nc5 Nf4 19. Nxe6 Rxd4 20. Nxc7 Rxc4 21. Rhe1 e6 22. Rd7 g5 23. c3 Ng6 24. Na6 Rb5 25. Rxa7 Rf4 26. Nb4 c5 27. a4 Rb6 28. Nd3 Rxf3 29. a5 Rb5 30. Rd1 e5 31. c4 Rb8 32. a6 e4 33. Rb7 Ra8 34. Nxc5 e3 35. a7 Kg7 36. Ne6+ Kh6 37. Nc7 e2 38. Re1 Rd8 39. Rxe2 Rf1+ 40. Kc2 Ra1 41. Re8 Rd4 42. Kc3 Rxg4 43. a8Q Rxa8 44. Nxa8 f5 45. c5 f4 46. Rf7 Rg1 47. Kd2 Rg2+ 48. Re2 1-0

[Event "Wch U14 Girls"]
[Site "Montesilvano"]
[Date "2023.11.14"]
[Round "2"]
[White "Kirtadze, Anastasia"]
[Black "Viti, Greta"]
[Result "1-0"]
[WhiteElo "1921"]
[BlackElo "1644"]
[PlyCount "77"]
[EventDate "2023.11.13"]
[EventType "swiss"]
[EventRounds "11"]
[EventCountry "ITA"]
[SourceTitle "CB48_2023"]
[SourceDate "2023.11.29"]
[SourceVersion "1"]
[SourceVersionDate "2023.11.29"]
[SourceQuality "1"]

1. e4 e5 2. Nf3 Nc6 3. Bb5 a6 4. Ba4 Nf6 5. 0-0 b5 6. Bb3 Bc5 7. a4 Ba7 8. d3 d6 9. h3 0-0 10. Nc3 Be6 11. Bg5 bxa4 12. Rxa4 Nd4 13. Nxd4 Bxd4 14. Nd5 Bxd5 15. Bxd5 Ra7 16. c3 Bb6 17. Qf3 Kh8 18. Rfa1 Qe7 19. Rxa6 Rxa6 20. Rxa6 Rb8 21. b4 Kg8 22. Kh2 h6 23. Be3 Nxd5 24. exd5 Bxe3 25. Qxe3 Qf6 26. Ra7 Rc8 27. c4 Qh4 28. Rb7 Qf6 29. c5 Kh8 30. c6 Kg8 31. b5 Qh4 32. b6 cxb6 33. Qxb6 Qf4+ 34. g3 Qf3 35. c7 Kh7 36. Kg1 Qd1+ 37. Kg2 Qc1 38. Qxd6 Qc2 39. Qd7 1-0

[Event "Wch U20 Girls Blitz"]
[Site "Pula"]
[Date "2023.10.15"]
[Round "7"]
[White "Sala, Giulia"]
[Black "Kirtadze, Anastasia"]
[Result "0-1"]
[WhiteElo "2045"]
[BlackElo "2023"]
[PlyCount "46"]
[EventDate "2023.10.14"]
[EventType "swiss (blitz)"]
[EventRounds "11"]
[EventCountry "ITA"]
[SourceTitle "Mega2024 Update 01"]
[Source "Chessbase"]
[SourceDate "2023.11.12"]
[SourceVersion "1"]
[SourceVersionDate "2023.11.12"]
[SourceQuality "1"]

1. e4 c5 2. Nf3 e6 3. d4 cxd4 4. Nxd4 Nc6 5. Nc3 Qc7 6. Be3 a6 7. Nb3 b5 8. a3 Bb7 9. Bd3 Nf6 10. 0-0 h5 11. f4 Ng4 12. Qf3 Na5 13. Kh1 Nxe3 14. Qxe3 h4 15. f5 Nc4 16. Bxc4 bxc4 17. Nd4 Bc5 18. fxe6 dxe6 19. Na4 Ba7 20. Qc3 Bxe4 21. Rae1 Bd5 22. b4 h3 23. Nf3 hxg2+ 0-1

[Event "Wch U20 Girls Blitz"]
[Site "Pula"]
[Date "2023.10.14"]
[Round "5"]
[White "Wojs, Alicja"]
[Black "Kirtadze, Anastasia"]
[Result "0-1"]
[WhiteElo "1630"]
[BlackElo "2023"]
[PlyCount "82"]
[EventDate "2023.10.14"]
[EventType "swiss (blitz)"]
[EventRounds "11"]
[EventCountry "ITA"]
[SourceTitle "Mega2024 Update 01"]
[Source "Chessbase"]
[SourceDate "2023.11.12"]
[SourceVersion "1"]
[SourceVersionDate "2023.11.12"]
[SourceQuality "1"]

1. e4 c5 2. Nf3 e6 3. d4 cxd4 4. Nxd4 Nc6 5. Nxc6 bxc6 6. Bd3 d5 7. Qe2 Be7 8. 0-0 Nf6 9. Nd2 Qc7 10. c4 d4 11. e5 Nd7 12. f4 c5 13. b3 Bb7 14. Bb2 h6 15. Rae1 g6 16. Bc1 h5 17. Ne4 h4 18. h3 Rg8 19. Kh2 0-0-0 20. Bd2 Rde8 21. a3 f6 22. exf6 Nxf6 23. Ng5 Bd6 24. Kh1 Qc6 25. b4 Nh5 26. b5 Qd7 27. Qg4 Ng3+ 28. Kh2 Nxf1+ 29. Rxf1 e5 30. Qxh4 exf4 31. Bxf4 Re3 32. Rd1 Rf8 33. Bxd6 Qxd6+ 34. Kg1 Kb8 35. Qg4 Rfe8 36. Nf7 Qc7 37. Qxg6 Re1+ 38. Rxe1 Rxe1+ 39. Bf1 Qf4 40. Qg8+ Bc8 41. Nd8 Rxf1# 0-1

[Event "Wch U20 Girls Rapid"]
[Site "Pula"]
[Date "2023.10.12"]
[Round "11"]
[White "Kirtadze, Anastasia"]
[Black "Pasti, Anna"]
[Result "1-0"]
[WhiteElo "2023"]
[BlackElo "2010"]
[PlyCount "65"]
[EventDate "2023.10.10"]
[EventType "swiss (rapid)"]
[EventRounds "11"]
[EventCountry "ITA"]
[SourceTitle "Mega2024 Update 01"]
[Source "Chessbase"]
[SourceDate "2023.11.12"]
[SourceVersion "1"]
[SourceVersionDate "2023.11.12"]
[SourceQuality "1"]

1. e4 e6 2. d4 d5 3. Nc3 Nf6 4. Bd3 Bb4 5. e5 Ne4 6. Nge2 c5 7. a3 Bxc3+ 8. Nxc3 f5 9. exf6 Nxf6 10. dxc5 a6 11. 0-0 0-0 12. b4 e5 13. Bg5 e4 14. Be2 Be6 15. Na4 Nbd7 16. Qd4 h6 17. Bh4 Rc8 18. Rad1 Qe8 19. c4 g5 20. Bg3 Qg6 21. cxd5 Bxd5 22. Bc4 Bxc4 23. Qxc4+ Kh8 24. Qc3 Kh7 25. Rd6 h5 26. Nb6 Nxb6 27. Rxb6 Qf7 28. Rd6 h4 29. Be5 Ng4 30. Qd4 Nxe5 31. Qxe5 Rce8 32. Qxg5 Re6 33. Qxh4+ 1-0

[Event "Wch U20 Girls Rapid"]
[Site "Pula"]
[Date "2023.10.11"]
[Round "7"]
[White "Balabayeva, Kseniya"]
[Black "Kirtadze, Anastasia"]
[Result "1-0"]
[WhiteElo "2192"]
[BlackElo "2023"]
[PlyCount "105"]
[EventDate "2023.10.10"]
[EventType "swiss (rapid)"]
[EventRounds "11"]
[EventCountry "ITA"]
[SourceTitle "Mega2024 Update 01"]
[Source "Chessbase"]
[SourceDate "2023.11.12"]
[SourceVersion "1"]
[SourceVersionDate "2023.11.12"]
[SourceQuality "1"]

1. e4 c5 2. Nf3 e6 3. g3 Nc6 4. Bg2 d5 5. exd5 exd5 6. d4 Nf6 7. 0-0 Be7 8. dxc5 Bxc5 9. a3 a5 10. Bg5 0-0 11. Nc3 d4 12. Bxf6 Qxf6 13. Ne4 Qe7 14. Re1 Ba7 15. Qd3 Bf5 16. Nh4 Be6 17. f4 f6 18. Nd2 Qf7 19. Be4 f5 20. Bg2 Bd5 21. Bxd5 Qxd5 22. Re2 g6 23. Rae1 Qd7 24. Ndf3 Rae8 25. Kf1 Kg7 26. Ng5 Nd8 27. Nhf3 h6 28. Ne5 Qd5 29. Ngf3 Ne6 30. Qc4 Qc5 31. Qxc5 Nxc5 32. Nxd4 Ne4 33. Nb5 Bb8 34. Nd7 Rf7 35. Nc5 Rc8 36. Nxe4 fxe4 37. Kg2 g5 38. fxg5 hxg5 39. Nc3 Be5 40. Nxe4 Bxb2 41. Nd6 Rcf8 42. Nxf7 Rxf7 43. a4 Bf6 44. Rb1 Rc7 45. Rb5 b6 46. Rxb6 Rc4 47. Rd2 Kf7 48. Rd7+ Ke8 49. Rh7 Rxc2+ 50. Kf3 Rc3+ 51. Ke4 Bd8 52. Rbb7 Rc4+ 53. Kd3 1-0

[Event "Wch U20 Girls Rapid"]
[Site "Pula"]
[Date "2023.10.11"]
[Round "6"]
[White "Kirtadze, Anastasia"]
[Black "Ciolacu, Alessia Mihaela"]
[Result "1/2-1/2"]
[WhiteElo "2023"]
[BlackElo "2199"]
[PlyCount "48"]
[EventDate "2023.10.10"]
[EventType "swiss (rapid)"]
[EventRounds "11"]
[EventCountry "ITA"]
[SourceTitle "Mega2024 Update 01"]
[Source "Chessbase"]
[SourceDate "2023.11.12"]
[SourceVersion "1"]
[SourceVersionDate "2023.11.12"]
[SourceQuality "1"]

1. e4 c5 2. Nf3 d6 3. d4 cxd4 4. Nxd4 Nf6 5. Nc3 a6 6. h3 e5 7. Nde2 h5 8. g3 Be6 9. Bg2 Be7 10. 0-0 Nbd7 11. a4 Qc7 12. Be3 Rc8 13. a5 0-0 14. Qd2 Rfe8 15. Rfc1 Qc6 16. Nd5 Bxd5 17. exd5 Qb5 18. c4 Rxc4 19. Nc3 Qb3 20. Ra3 Qb4 21. Ra4 Qb3 22. Ra3 Qb4 23. Ra4 Qb3 24. Ra3 Qb4 1/2-1/2

[Event "Wch U20 Girls Rapid"]
[Site "Pula"]
[Date "2023.10.10"]
[Round "2"]
[White "Kirtadze, Anastasia"]
[Black "Juhasz, Judit"]
[Result "1-0"]
[WhiteElo "2023"]
[BlackElo "1940"]
[PlyCount "81"]
[EventDate "2023.10.10"]
[EventType "swiss (rapid)"]
[EventRounds "11"]
[EventCountry "ITA"]
[SourceTitle "Mega2024 Update 01"]
[Source "Chessbase"]
[SourceDate "2023.11.12"]
[SourceVersion "1"]
[SourceVersionDate "2023.11.12"]
[SourceQuality "1"]

1. e4 c5 2. Nf3 Nc6 3. Bb5 g6 4. Bxc6 bxc6 5. c3 Bg7 6. d4 cxd4 7. cxd4 Ba6 8. Nc3 d6 9. Qa4 Qc8 10. d5 Bb7 11. 0-0 Nf6 12. e5 dxe5 13. Nxe5 Nxd5 14. Nxd5 Bxe5 15. Re1 Qd7 16. Rxe5 cxd5 17. Rxe7+ Kxe7 18. Bg5+ f6 19. Bxf6+ Kd6 20. Qf4+ Kc6 21. Rc1+ Kb5 22. Rc7 Qe8 23. Qc1 a5 24. Rxb7+ Ka6 25. Rc7 Rf8 26. Bd4 Rf7 27. Rc6+ Kb7 28. Rb6+ Ka7 29. Re6+ Kb7 30. Rxe8 Rxe8 31. h3 Rc7 32. Qg5 Rd7 33. Qd2 Ra8 34. Qc3 a4 35. Qb4+ Kc8 36. Qc5+ Rc7 37. Qxd5 Ra6 38. Be5 Rc1+ 39. Kh2 Rac6 40. Qg8+ Kb7 41. Qxh7+ 1-0

[Event "EU-ch U14 Girls 31st"]
[Site "Mamaia"]
[Date "2023.09.10"]
[Round "5"]
[White "Ismayilova, Khanim"]
[Black "Kirtadze, Anastasia"]
[Result "0-1"]
[WhiteElo "1804"]
[BlackElo "2015"]
[PlyCount "126"]
[EventDate "2023.09.05"]
[EventType "swiss"]
[EventRounds "9"]
[EventCountry "ROU"]
[SourceTitle "EXT 2024"]
[Source "ChessBase"]
[SourceDate "2023.10.10"]
[SourceVersion "1"]
[SourceVersionDate "2023.10.10"]
[SourceQuality "1"]

1. e4 c5 2. Nf3 e6 3. c3 d5 4. e5 d4 5. Bd3 Nc6 6. 0-0 Nge7 7. Be4 Bd7 8. b3 Ng6 9. Re1 Qc7 10. Bb2 Ngxe5 11. Nxe5 Nxe5 12. cxd4 cxd4 13. Bxd4 Nc6 14. Bb2 0-0-0 15. d4 Bd6 16. h3 f5 17. Bf3 e5 18. d5 e4 19. Be2 Be5 20. Nc3 Be6 21. Nb5 Qb6 22. Qc2 Bxb2 23. Qxb2 Bxd5 24. a4 a6 25. Rec1 Rd7 26. a5 Qd8 27. Na7+ Kb8 28. Nxc6+ Bxc6 29. Bxa6 e3 30. Qe5+ Ka7 31. Bb5 exf2+ 32. Kh1 Bxb5 33. Qxb5 Rd5 34. Qe2 Rd2 35. Qe3+ Qd4 36. Qxd4+ Rxd4 37. Ra2 Rf4 38. Rf1 Ka6 39. Raxf2 Rxf2 40. Rxf2 g6 41. Ra2 Rc8 42. Ra4 Kb5 43. Rh4 h5 44. Rd4 Kxa5 45. g4 hxg4 46. hxg4 Rf8 47. gxf5 Rxf5 48. Rg4 g5 49. Kg2 b5 50. Rd4 Rf4 51. Rd5 Rg4+ 52. Kf3 Rg1 53. Rd4 Rb1 54. Rg4 Rxb3+ 55. Ke2 Rb4 56. Rxg5 Rd4 57. Ke3 Rd6 58. Rg8 Kb4 59. Rb8 Kc4 60. Rc8+ Kb3 61. Rc1 b4 62. Rb1+ Kc3 63. Ke2 b3 0-1

[Event "EU-ch U14 Girls 31st"]
[Site "Mamaia"]
[Date "2023.09.06"]
[Round "2"]
[White "Kirtadze, Anastasia"]
[Black "Stefan, Iulia Cristiana"]
[Result "1/2-1/2"]
[WhiteElo "2015"]
[BlackElo "1710"]
[PlyCount "106"]
[EventDate "2023.09.05"]
[EventType "swiss"]
[EventRounds "9"]
[EventCountry "ROU"]
[SourceTitle "EXT 2024"]
[Source "ChessBase"]
[SourceDate "2023.10.10"]
[SourceVersion "1"]
[SourceVersionDate "2023.10.10"]
[SourceQuality "1"]

1. e4 e5 2. Nf3 Nc6 3. Bb5 a6 4. Ba4 d6 5. 0-0 Bd7 6. c3 g6 7. d4 Bg7 8. Re1 b5 9. Bc2 Nf6 10. Nbd2 0-0 11. Nf1 Re8 12. Ng3 Na5 13. a3 c5 14. d5 c4 15. h3 Qc7 16. Nh2 Nb7 17. f4 exf4 18. Bxf4 Qc5+ 19. Kh1 a5 20. Nf3 Qb6 21. Qd2 Nc5 22. Re2 b4 23. axb4 axb4 24. Rxa8 Rxa8 25. cxb4 Na6 26. e5 dxe5 27. Nxe5 Nxb4 28. Kh2 Ra1 29. Be3 Qb5 30. Rf2 Nbxd5 31. Bd4 Ra8 32. Ne4 Nxe4 33. Bxe4 Qb8 34. Bxd5 Bxe5+ 35. Bxe5 Qxe5+ 36. g3 Rf8 37. Bxc4 Be6 38. Bxe6 fxe6 39. Rxf8+ Kxf8 40. Kg2 Kg8 41. Qd8+ Kg7 42. Qd7+ Kg8 43. Qc8+ Kf7 44. Qb7+ Kg8 45. h4 Qe2+ 46. Kh3 h5 47. b4 e5 48. b5 Qg4+ 49. Kh2 Qe2+ 50. Kg1 Qe1+ 51. Kh2 Qe2+ 52. Kh1 Qf1+ 53. Kh2 Qe2+ 1/2-1/2

[Event "EU-ch U14 Girls 31st"]
[Site "Mamaia"]
[Date "2023.09.05"]
[Round "1"]
[White "Bangerter, Ena"]
[Black "Kirtadze, Anastasia"]
[Result "0-1"]
[WhiteElo "1587"]
[BlackElo "2015"]
[PlyCount "68"]
[EventDate "2023.09.05"]
[EventType "swiss"]
[EventRounds "9"]
[EventCountry "ROU"]
[SourceTitle "EXT 2024"]
[Source "ChessBase"]
[SourceDate "2023.10.10"]
[SourceVersion "1"]
[SourceVersionDate "2023.10.10"]
[SourceQuality "1"]

1. d4 Nf6 2. Nf3 e6 3. Bf4 b6 4. e3 Bb7 5. Nbd2 Be7 6. h3 c5 7. c3 a6 8. a4 d5 9. Bd3 Nbd7 10. 0-0 0-0 11. Re1 Ne4 12. Qb1 f5 13. Qd1 g5 14. Bh2 Qe8 15. Ne5 Bf6 16. Nxd7 Qxd7 17. Nxe4 dxe4 18. Be2 Qc6 19. Qb3 f4 20. Bg4 c4 21. Qc2 Bg7 22. Qd2 Qd6 23. Bd1 e5 24. Bc2 Rae8 25. Qe2 exd4 26. exd4 Qd5 27. Qh5 h6 28. Qg6 Re6 29. Qh5 Bc6 30. Qd1 f3 31. g3 e3 32. Bb1 exf2+ 33. Kxf2 Re2+ 34. Kf1 Rxh2 0-1

[Event "World ol U16"]
[Site "Eindhoven"]
[Date "2023.08.16"]
[Round "6.16"]
[White "Arnold, Rhys"]
[Black "Kirtadze, Anastasia"]
[Result "0-1"]
[WhiteElo "2098"]
[BlackElo "2075"]
[PlyCount "106"]
[EventDate "2023.08.13"]
[EventType "team-swiss"]
[EventRounds "9"]
[EventCountry "NED"]
[SourceTitle "CBM 215 Extra"]
[Source "ChessBase"]
[SourceDate "2023.09.30"]
[SourceVersion "1"]
[SourceVersionDate "2023.09.30"]
[SourceQuality "1"]
[WhiteTeam "Netherlands II"]
[BlackTeam "Georgia"]
[WhiteTeamCountry "NED"]
[BlackTeamCountry "GEO"]

1. e4 c5 2. Nc3 a6 3. f4 b5 4. g3 Bb7 5. Bg2 Nc6 6. Nf3 e6 7. 0-0 g6 8. d3 Bg7 9. e5 d5 10. d4 c4 11. Ne2 Nge7 12. Be3 h5 13. h3 Nf5 14. Bf2 Qb6 15. a3 a5 16. Qd2 a4 17. g4 hxg4 18. hxg4 Nh6 19. Nh2 0-0-0 20. Rfb1 Bf8 21. b3 axb3 22. cxb3 Na5 23. Nc1 Qa6 24. Qb2 cxb3 25. Qc3+ Kb8 26. Nxb3 Nc4 27. Nc5 Bxc5 28. dxc5 Kc7 29. Bd4 Bc6 30. Rb4 Rb8 31. Qe1 Qc8 32. Qg3 Ra8 33. Bf2 Qd7 34. Bd4 Ra6 35. Qc3 Rha8 36. Qh3 Ng8 37. Rb3 Ne7 38. Qd3 Ra4 39. Nf3 Qc8 40. Ne1 b4 41. Rxb4 Rxa3 42. Rxa3 Rxa3 43. Qb1 Qa8 44. Qd1 Qa5 45. Nc2 Ra2 46. Bc3 Qxc5+ 47. Bd4 Qa5 48. Bf1 Rxc2 49. Qb1 Qa2 50. Bc5 Qxb1 51. Rxb1 Nd2 52. Bd6+ Kd7 53. Ra1 Nf3+ 0-1